000 00690nam a2200205Ia 4500
003 IN-BaIIA
008 211028s9999 xx 000 0 eng d
020 _a0-387-96997-7
040 _cIIA Library
080 _a083.8:524.6
_bHUC
100 _aHuchtmeier, W. K.
_916572
245 2 _aA general catalog of H I observations of galaxies
_bthe reference catalog
_cW. K. Huchtmeier and O. G. Richter
260 _aBerlin
_bSpringer-Verlag
_c1989
300 _axviii, 350p.
650 _aAstronomy and Astrophysics Thesaurus
650 _aCatalogue-H1 observations
_916573
650 _aGalaxies
_91286
700 _aRichter, O. G
_916574
942 _cBK
999 _c9789
_d9789